|
|
|
|
| LEADER |
00000nam0a2200000 4500 |
| 001 |
114058 |
| 005 |
20231031122135.0 |
| 010 |
|
|
|a 5699193936
|
| 035 |
|
|
|a (RuTPU)RU\TPU\book\123345
|
| 090 |
|
|
|a 114058
|
| 100 |
|
|
|a 20070419d2006 m y0rusy50 ca
|
| 101 |
0 |
|
|a rus
|
| 102 |
|
|
|a RU
|
| 105 |
|
|
|a y z 000ay
|
| 200 |
1 |
|
|a Бессильные мира сего
|e фантастические романы
|f А. Стругацкий, Б. Стругацкий
|
| 210 |
|
|
|a Москва
|c Эксмо
|d 2006
|
| 215 |
|
|
|a 652 с.
|
| 225 |
1 |
|
|a Отцы-основатели: русское пространство
|h Т. 9
|
| 330 |
|
|
|a В очередной том собрания сочинений непревзойденных мастеров отечественной и мировой фантастики вошли романы, созданные Б. Стругацким (под псевдонимом С. Витицкий) в последние годы, после безвременной кончины его брата и соавтора.
|
| 464 |
|
|
|t Поиск предназначения, или двадцать седьмая теорема этики
|
| 610 |
1 |
|
|a русская литература
|
| 610 |
1 |
|
|a романы
|
| 610 |
1 |
|
|a фантастика
|
| 675 |
|
|
|a Р2
|v 3
|
| 700 |
|
1 |
|a Стругацкий
|b А.
|g Аркадий
|
| 701 |
|
1 |
|a Стругацкий
|b Б.
|g Борис
|
| 801 |
|
1 |
|a RU
|b 63413507
|c 20070419
|g PSBO
|
| 801 |
|
2 |
|a RU
|b 63413507
|c 20070425
|g PSBO
|
| 942 |
|
|
|c BK
|